Регионална библиотека "Любен Каравелов" - Русе

Критика и естетика (Запис номер 182528)

MARC детайли
000 -Лидер
Контролно поле с фиксирана дължина 01517nam a2200349 c 4500
003 - Код на организацията, давaща контролен номер
Контролно поле BLK
005 - Дата и час на последна редакция
Контролно поле 20220720131839.0
008 - Елементи от данни с фиксирана дължина
fixed length control field 180411b bul|||||r ||||||| ||bul||
010 ## - Наследен системен номер
LC control number KNG00191453000
040 ## - Източник на каталожния запис
Идентификатор на билиотеката - собственик на записа BLK
041 ## - Код за език
Код за езика на текст/звукозапис или на отделно заглавие Български
Код за езика КДБФ Български
080 ## - УДК
Текстов определител УДК Българска литература
УДК код - определител по УДК 821.163.2
УДК - код + определител 821.163.2
080 ## - УДК
Текстов определител УДК Литературна естетика. Философия на литературата
УДК код - определител по УДК 82.01
УДК - код + определител 82.01
100 1# - Редна дума - Автор
Автор Данчев, Пенчо
Авторска отговорност първи автор
R(LIN) 379694
139 ## - Редно поле
Редна дума Данчев, Пенчо
Авторски знак Данч - Д 22
245 10 - Сведения за заглавието
Заглавие Критика и естетика
Редно поле (дума) Пенчо Данчев.
250 ## - Област на изданието
Сведения за изданието 2. изд
257 ## - Страна на издаване
Страна на създаване/издаване България
260 ## - Област на издателските данни
Място на издаване, разпространение и проч. София
Име на издателя, разпространителя и проч. Бълг. писател
Година на издаване 1972
300 ## - Физическа характеристика
Страници 340 с.
Размери/Мащаб 21 см
380 ## - Жанр
Жанр Литературознание
500 ## - Общи забележки
Забележка 1. изд. 1970.- Очерци за творчеството на Н. Фурнаджиев, А. Далчев, В. Ханчев, Н. Андреев, В. Петров, П. Пенев, П. Караангов, А. Германов, Л. Левчев и статии по лит. естетика
650 #4 - Допълнително описание по предмет – тема
Основно описание – тема или топоним Поети, български - литературна критика
9 (RLIN) 266140
653 ## - Ключова дума – ненормативна
Ключова дума българска литература
653 ## - Ключова дума – ненормативна
Ключова дума литературна критика
653 ## - Ключова дума – ненормативна
Ключова дума естетика
852 ## - Местоположение
Форматна сигнатура Цб 65702
Фондова буква Хранилище
856 4# - Електронен адрес и достъп
Електронен формат pdf - файл
856 4# - Електронен адрес и достъп
Електронен формат pdf - файл
999 ## - СИСТЕМНИ КОНТРОЛНИ НОМЕРА
Koha biblionumber 182528
Koha biblioitemnumber 182528
942 ## - АРТИКУЛИ
Вид на библиотечния материал Книги
Скрит в OPAC Не
Периодичен библиозапис Да
944 ## - СЪЗДАВАНЕ И РЕДАКЦИЯ на ЗАПИСА
Създаване/Редакция Създаване
Дата на регистрацията/редакция 04.10.2016
Служител, извършил регистрацията/редакцията Христина_Везирева
944 ## - СЪЗДАВАНЕ И РЕДАКЦИЯ на ЗАПИСА
Създаване/Редакция Редакция
Дата на регистрацията/редакция 04.10.2016
Служител, извършил регистрацията/редакцията Христина_Везирева
944 ## - СЪЗДАВАНЕ И РЕДАКЦИЯ на ЗАПИСА
Създаване/Редакция Редакция
Дата на регистрацията/редакция 2022-07-20
Служител, извършил регистрацията/редакцията ВП
999 ## - СИСТЕМНИ КОНТРОЛНИ НОМЕРА
Koha biblioitemnumber 182528
Наличности
Код за отписване Код за изгубен артикул Източник на класификационната схема Код за повреда Коз за рестрикции Код за отдаване Артикулен № Име на библиотеката - собственик Име на библиотеката, в която се намира в момента Статус (Текущо местоположение) Местоположение - отдел Цена в лева Инвентарен номер Систематично азбучна сигнатура Баркод Номер на екземпляра Цена в евро Служебна бележка Служебен тип на артикула Дата на вписване в системата
  Не е изгубен Universal Decimal Classification Не е повреден без рестрикции ползва се в читалня 313576 Регионална библиотека "Любен Каравелов" Русе Регионална библиотека "Любен Каравелов" Русе Хранилище Хранилище 2.00 129546 Цб 65702 120000129546 1 1.02 Вид: Сф N: стар фонд Книги  
Изтеглен Не е изгубен Universal Decimal Classification Не е повреден без рестрикции заемане за дома 313577 Регионална библиотека "Любен Каравелов" Русе Регионална библиотека "Любен Каравелов" Русе Заемна - подръчен фонд Заемна - подръчен фонд 2.00 147761 П 886.7/Д 22 147761 2 1.02 Вид: Сф N: стар фонд Дата: 01.01.1972 Дата инв: 21.03.2018 Бележки инв: П2018 Книги 1972-01-01
Vip Innovations Ltd, Rousse, Bulgaria 2025